000 00634cam a22001577a 4500
020 _a9780878494279 (set : pbk.)
020 _a0878494278 (set : pbk.)
040 _cUKM
082 0 4 _a620 TRA 2007 A056 Or.
245 1 0 _aAdvances in composite materials and structures :
_bspecial issue containing the proceedings of 5th Asian-Australasian conference on composite materials (ACCM-5), 27-30 November 2006, Hong Kong /
260 _aStafa-Zuerich ;
_aEnfield, N.H. :
_bTrans Tech Publications Ltd.,
_cc2007.
300 _a2 v. (xxv, 1282 p.) :
_bill. ;
_c25 cm.
650 0 _aComposite materials
700 1 _aKim, Jang-Kyo.
942 _cEK
999 _c15733
_d15733